| 000 | 00906nam a22002177a 4500 | ||
|---|---|---|---|
| 999 |
_c64931 _d64931 |
||
| 005 | 20240530110758.0 | ||
| 008 | 190115s2017 ua a g 000 0 ara d | ||
| 017 |
_a2017/4443 _bمصر. دار الكتب |
||
| 020 | _a9789779111933 | ||
| 040 |
_aEG-CaGPL _cEG-CaGPL |
||
| 082 | 0 | 4 |
_221 _a953 / _bم و |
| 245 | 0 | 0 |
_aوثائق الخليج العربى فى الارشيف العثمانى : _bدليل ببليوجرافى موسع / _cتحقيق وترجمة وتقديم محمد حرب |
| 250 | _aط.1 | ||
| 260 |
_aالقاهرة : _bالهيئة المصرية العامة للكتاب، _c2017. |
||
| 300 |
_a589 ص. : _bايض ؛ _c24 سم. |
||
| 650 | 0 | 7 |
_2qrmak _aالوثائق التاريخية |
| 651 | 0 | 7 |
_2qrmak _aالخليج العربى _xتاريخ |
| 700 | 0 |
_aمحمد حرب _eمحقق ومترجم ومقدم |
|
| 942 |
_2ddc _cBK |
||